000 00654cam a22002531 4500
001 sa 67007522
003 DLC
005 20260227112416.0
008 870829s1966 ii a 000 1 eng
010 _asa 67007522
025 _aPL480:I-E-7428
035 _a(OCoLC)16595221
040 _aDLC
_cWaU
_dDLC
041 1 _aeng
_hund
042 _apremarc
050 0 0 _aPK3795.E5
_bM8
082 _a823
100 0 _aKālidāsa.
245 1 0 _aStories from Kalidas.
_c[Translated by] Raghunath Mullick.
250 _a[1st ed.]
260 _aCalcutta,
_bM.C. Sarkar
_c[1966]
300 _a217 p.
_billus.
_c23 cm.
700 1 _aMullick, Raghunath,
_etr.
999 _c76648
_d76648